Na Slovensku je už takmer pol milióna nezamestnaných

Podrobná bibliografia
Hlavný autor: Medžová, Andrea (Autor)
Médium: Článok
Jazyk:slovenčina
ISSN:1335-0684
Predmet:

MARC

LEADER 00000nab a2200000 a 4500
001 vtls000697955
003 SK-MaSNL
005 20260302181529.0
008 180206c1999 xo 0 slo
015 |a SNBRB1999/06-18251 
035 |a CLN000050122 
040 |a SNKBUCL  |b slo  |c SNKBUCL  |e AACR2 
041 0 |a slo 
044 |a xo  |c SK 
080 |a 331.5(437.6)  |2 UDC-MRF-SK2 
100 1 |a Medžová, Andrea  |4 aut  |9 844369 
245 1 0 |a Na Slovensku je už takmer pol milióna nezamestnaných  |c Andrea Medžová 
650 0 7 |a trh práce  |z Slovensko  |2 snkbucl  |9 849649 
650 0 7 |a nezamestnanosť  |z Slovensko  |2 snkbucl  |9 738076 
655 7 |a články z novín a časopisov  |2 snkbucl  |9 267496 
773 0 |x 1335-0684  |t Trend  |g Roč. 9, č. 30 (1999), s. 8A 
850 |a Slovenská národná knižnica v Martine 
852 |a SNK  |b KIS3GCP 
958 |a RBX 
999 |c 1414570  |d 1416500